| 000 | 00642cab a22002055a 4500 | ||
|---|---|---|---|
| 001 | L157005 | ||
| 008 | 120809e20120804xxk 000 0 eng d | ||
| 035 | _a(Sirsi) u157005 | ||
| 041 | 0 | _aeng | |
| 100 | 1 | _aDowden, Malcolm | |
| 245 | 0 | 0 | _aOut of the mire? Working with Part 2A |
| 260 | _c2012 | ||
| 490 |
_aEstates Gazette _v(1231) 4 August 2012, 44-45(2) |
||
| 520 | _aLooks at the contractual provisions of the Environmental Protection Act 1990 Part 2A which compels the cleaning up of contaminated land. | ||
| 590 | _aKA | ||
| 651 | 4 | _aUnited Kingdom | |
| 690 |
_aContamination _96231 |
||
| 690 |
_aEnvironment _96238 |
||
| 942 | _n0 | ||
| 999 |
_c84230 _d84230 |
||